แสดงรายละเอียดบรรณานุกรม
  กลับหน้าหลัก

Brief Record : Get Marc (ISO 2709) : E-mail record : QR code ปิดหน้าต่าง
สารบัญ Review โดย
ใช้งานได้ทุกระบบ
ห้องสมุด วพบ.ขอนแก่น
ใช้งานได้ทุกระบบ เมื่อ28/มกราคม/2558
  • บทที่ 1 การพยาบาลเพื่อการฟื้นหายของผู้ป่วย
  • บทที่ 2 การประเมินทางการพยาบาล
  • บทที่ 3 ความไม่สมดุลของของเหลวภายในร่างกาย
  • บทที่ 4 ความไม่สมดุลของโซเดียม
  • บทที่ 5 ความไม่สมดุลของโพแทสเซียม
  • บทที่ 6 ความไม่สมดุลของแคลเซียม
  • บทที่ 7 ความไม่สมดุลของแมกนีเซียม
  • บทที่ 8 ความไม่สมดุลของฟอสฟอรัส
  • บทที่ 9 การบันทึกการพยาบาล

E-books : เกี่ยวกับ Collections
LEADER 00000nama 2200000uu 4500
001    197412
003     ULIBM
008    040531s|||| th m m a000 0 tha d
020    ^a974-11-0545-2
041    tha
050    WY152 พ587ก ล.2 2550
100    พัสมณฑ์ คุ้มทวีพร, รศ.
245    การพยาบาลผู้ใหญ่และผู้สูงอายุ 2/รศ. พัสมณฑ์ คุ้มทวีพร.
250    พิมพ์ครั้งที่ 1.
260    มหาวิทยาลัยมหิดล. กรุงเทพฯ. 2550.
300    328 หน้า.
650    1.การพยาบาลผู้สูงอายุ 2.การพยาบาลผู้ใหญ่ 3.การพยาบาลเวชศาสตร์วัยชรา 4.ผู้สูงอายุ.
995    001
999    ^aใช้งานได้ทุกระบบ
รายการนี้ยังไม่มีแท็ก
คุณยังไม่ได้ล็อกอิน คุณสามารถมีกิจกรรมร่วมกับเว็บไซต์ได้ แต่ต้องล็อกอินก่อน ::
  ล็อกอิน
ลำดับที่ ประเภท เลขเรียก สถานที่ สถานะ
1. หนังสือทั่วไป
หนังสือทั่วไป
WY152 พ587ก ล.2 2550  
  
หนังสือทั่วไป On Shelf
  ขอยืม
2. หนังสือทั่วไป
หนังสือทั่วไป
WY152 พ587ก ล.2 2550  
  
หนังสือทั่วไป On Shelf
  ขอยืม
3. หนังสือทั่วไป
หนังสือทั่วไป
WY152 พ587ก ล.2 2550  
  
หนังสือทั่วไป On Shelf
  ขอยืม
   [แสดง 3/3 รายการ]

BibComment


ยังไม่เคยถูกคอมเมนท์

คอมเมนท์ทรัพยากรรายการนี้
  คอมเมนท์: การพยาบาลผู้ใหญ่แ..
Bib 197412

 
 
 

 Union Library Management : ULibM
Copyright 2026. All Rights Reserved.
скачать бесплатно без регистрации порно красивый секс HD Sex Hindi sex

xxx gou

xxxx

bfxxx

xxxwww

Секса Видео

xxxx

Секса Видео

detube

geilexxx

C99 Shell

worms shell

blod xxx video
Ebony Coed Rihanna Rimes Takes A Dick In Her Young Twat priyaa indian fuck anal and pusssy hardcore indian women xxx desi hardcore fucking part 1 bengalixxxcouple